The intelligentsia in India / (Record no. 130488)

MARC details
000 -LEADER
fixed length control field 00666nam a22002297a 4500
005 - DATE AND TIME OF LATEST TRANSACTION
control field 20170124110112.0
010 ## - LIBRARY OF CONGRESS CONTROL NUMBER
LC control number A-351859
020 ## - INTERNATIONAL STANDARD BOOK NUMBER
Terms of availability 00.00
035 ## - SYSTEM CONTROL NUMBER
System control number A-351859
037 ## - SOURCE OF ACQUISITION
Source of stock number/acquisition Cen Lib/Ret
040 ## - CATALOGING SOURCE
Original cataloging agency DPL
Language of cataloging EN
082 ## - DEWEY DECIMAL CLASSIFICATION NUMBER
Classification number 920
Item number SHA
100 ## - MAIN ENTRY--PERSONAL NAME
Personal name Sharma, R.S.
9 (RLIN) 111343
245 ## - TITLE STATEMENT
Title The intelligentsia in India /
Statement of responsibility, etc by R.S. Sharma
260 ## - PUBLICATION, DISTRIBUTION, ETC. (IMPRINT)
Place of publication, distribution, etc New Delhi
Name of publisher, distributor, etc Books N Books
Date of publication, distribution, etc 1988
270 ## - ADDRESS
Address 77, Tagore Park
City New Delhi
Postal code 110009
300 ## - PHYSICAL DESCRIPTION
Extent vi,111p.
Dimensions 20cm(Hb)
500 ## - GENERAL NOTE
General note Includes bibliographical reference and index
650 ## - SUBJECT ADDED ENTRY--TOPICAL TERM
Topical term or geographic name as entry element Philosophy
9 (RLIN) 111344
650 ## - SUBJECT ADDED ENTRY--TOPICAL TERM
Topical term or geographic name as entry element Intelligentsia
Geographic subdivision India
9 (RLIN) 29334
942 ## - ADDED ENTRY ELEMENTS (KOHA)
Source of classification or shelving scheme Dewey Decimal Classification
Koha item type English Books
Classification part 920
Call number suffix SHA
Holdings
Withdrawn status Lost status Damaged status Not for loan Home library Current library Date acquired Source of acquisition Cost, normal purchase price Total Checkouts Full call number Barcode Date last seen Copy number Cost, replacement price Price effective from Koha item type
        Central Library Central Library 09/07/2015 Cen Lib/Ret 0.00   920 SHA A-351859 09/07/2015 1 0.00 15/09/2016 English Books

© Delhi Public Library
Hit Counter
free hit counter